Marvel Heroes by Face #3 - Statistics

General Stats
  • This quiz has been taken 32 times
  • The average score is 12 of 20
Answer Stats
Picture Answer % Correct
Hulk
100%
Daredevil
97%
Doctor Strange
94%
Gamora
91%
Spider-Gwen
88%
Black Bolt
78%
Ironheart
78%
Storm
78%
Captain Britain
75%
Man-Thing
66%
Kitty Pryde
63%
Marvel Girl/Jean Grey
53%
Namor the Sub-Mariner
53%
Dazzler
44%
Pixie
38%
Spectrum
38%
Moondragon
34%
Misty Knight
31%
Clea
19%
Quasar
19%
No matching quizzes found
Score Distribution
Percent of People with Each Score
Percentile by Number Answered
Your Score History
You have not taken this quiz